01191nam a22003017a 4500001000200000003000900002005001700011007000700028008003200035020001500067040002300082082002800105100002200133245008300155260003200238300002200270504003300292590002600325650002000351650001200371700002700383910004100410942001200451952013300463952013800596952013800734999001700872 DO-SdBNP20230228124106.0001247160915b 2001 mx ||| 00| 0 spa d a9681908139 aBPMSUbspa cBPMSU 4a306.772bR877p 20012221 aTowan, Edward L. 14aLos placeres del autoerotismo /cEdward L. Rowan ; traductora Eunice Cortés  aMéxico : bAlamah, c2001 a265 p. ;b23 cm.  aBibliografía : 255-265 p.  6Inventariado, 2023/VM 4a Masturbación 4aPlacer 1 aCortés, Eunice etr. aVMateo V. Control de calidad (BPMSU) 2ddccBK 00102ddc40708CGaBPMETbBPMETd2016-09-15eALFAGUARAoBPMSU CG 306.772 R877p 2001pBPMSU16090337r2016-09-15w2016-09-15yBK 00102ddc40708CGaBPMETbBPMETd2016-09-15eALFAGUARAoBPMSU CG 306.772 R877p 2001pBPMSU16090338r2016-09-15te.2w2016-09-15yBK 00102ddc40708CGaBPMETbBPMETd2016-09-15eALFAGUARAoBPMSU CG 306.772 R877p 2001pBPMSU16090339r2016-09-15te.3w2016-09-15yBK c11406d11406